[Event "SG Aufbau Elbe Magdeburg-Hamburger SK vo"]
[Site "?"]
[Date "2012.12.27"]
[Round "2.2"]
[White "Roseneck, Jonas"]
[Black "Engel, Luis"]
[Result "0-1"]
[WhiteElo "1530"]
[BlackElo "1732"]
[PlyCount "76"]
[EventDate "2012.??.??"]
[WhiteTeam "SG Aufbau Elbe Magdeburg"]
[BlackTeam "Hamburger SK von 1830"]

1. e4 c5 2. Nf3 d6 3. d4 cxd4 4. Nxd4 Nf6 5. Nc3 a6 6. f3 e5 7. Nb3 Be6 8. Be3
Be7 9. Qd2 O-O 10. O-O-O Nbd7 11. g4 b5 12. g5 b4 13. Ne2 Ne8 14. h4 a5 15. Kb1
Nb6 16. Ng3 Nc4 17. Bxc4 Bxc4 18. Nf5 a4 19. Nc1 b3 20. a3 bxc2+ 21. Kxc2 g6
22. Nxe7+ Qxe7 23. Kb1 Qe6 24. h5 Rd8 25. h6 f5 26. Rh2 f4 27. Bg1 d5 28. Qa5
Qd7 29. exd5 Nd6 30. Rc2 Ra8 31. Qd2 Rfc8 32. Qe1 Qf5 33. Qb4 Bb3 34. Nxb3
Qxc2+ 35. Ka1 Qxd1+ 36. Nc1 Rxc1+ 37. Ka2 Qxd5+ 38. Qb3 Qxb3# 0-1

[Event "SC Aurich-SG Grün-Weiß Baumschulenweg"]
[Site "?"]
[Date "2012.12.27"]
[Round "2.3"]
[White "Petersen, Marcel"]
[Black "Wessels, Julian"]
[Result "1-0"]
[WhiteElo "1471"]
[BlackElo "1299"]
[PlyCount "33"]
[EventDate "2012.??.??"]
[WhiteTeam "SG Grün-Weiß Baumschulenweg"]
[BlackTeam "SC Aurich"]

1. e4 e5 2. Nf3 Nc6 3. Bc4 Nf6 4. Ng5 d5 5. exd5 Nxd5 6. Qf3 Qxg5 7. Bxd5 Qg6
8. O-O Be6 9. Bxc6+ Kd8 10. Bxb7 Rb8 11. Be4 Qg5 12. d4 Qh4 13. dxe5 Bd7 14.
Rd1 Kc8 15. Qxf7 Bb5 16. Qe6+ Bd7 17. Qxd7# 1-0

[Event "SF Biberach-SC Porta Westfalica Holtrup"]
[Site "?"]
[Date "2012.12.27"]
[Round "2.4"]
[White "Melzig, Leon"]
[Black "Liebelt, Jonas"]
[Result "1-0"]
[WhiteElo "1072"]
[BlackElo "1190"]
[PlyCount "121"]
[EventDate "2012.??.??"]
[WhiteTeam "SF Biberach"]
[BlackTeam "SC Porta Westfalica Holtrup"]

1. e4 c5 2. c3 e6 3. d4 d5 4. e5 Nc6 5. Nf3 g6 6. Bb5 Bd7 7. O-O cxd4 8. cxd4
Bg7 9. Nc3 Nge7 10. Be3 O-O 11. h3 Nf5 12. Qd3 Nb4 13. Qd2 a6 14. Bxd7 Qxd7 15.
Ne2 Nxe3 16. fxe3 Nc6 17. Rac1 Rac8 18. Rc2 Ne7 19. Rfc1 Rxc2 20. Rxc2 Rc8 21.
Ne1 Nf5 22. g4 Rxc2 23. Nxc2 Ne7 24. Qc3 Qc6 25. Qxc6 Nxc6 26. b4 a5 27. b5 Na7
28. Nc3 f5 29. Kf2 Kf7 30. gxf5 gxf5 31. Kf3 Kg6 32. Ne1 b6 33. Nd3 Bh6 34.
Nf4+ Bxf4 35. exf4 a4 36. Nxa4 Nxb5 37. Nxb6 Nc3 38. a4 Na2 39. a5 Nb4 40. Ke3
Na6 41. Na4 Nb4 42. Nc5 Kf7 43. a6 Nc6 44. Kd3 h5 45. Kc3 h4 46. Kb3 Nxd4+ 47.
Kb4 Nc6+ 48. Kb5 Na7+ 49. Kb6 Nc8+ 50. Kb7 Ne7 51. a7 Ng6 52. a8=Q Nxf4 53. Qa4
Ng6 54. Qd7+ Ne7 55. Qxe6+ Kf8 56. Qf6+ Ke8 57. Qxh4 Ng6 58. Qh5 Kf7 59. Qxf5+
Kg7 60. e6 Ne7 61. Qf7+ 1-0

[Event "SK München Südost-Hagener SV"]
[Site "?"]
[Date "2012.12.27"]
[Round "2.1"]
[White "Balazs, Balint"]
[Black "Bergauz, Noam"]
[Result "1/2-1/2"]
[WhiteElo "1839"]
[BlackElo "1875"]
[PlyCount "94"]
[EventDate "2012.??.??"]
[WhiteTeam "Hagener SV"]
[BlackTeam "SK München Südost"]

1. e4 c6 2. d4 d5 3. e5 Bf5 4. Ne2 e6 5. Ng3 Bg6 6. h4 h6 7. h5 Bh7 8. Bd3 Bxd3
9. Qxd3 Qa5+ 10. c3 Qa6 11. Ke2 Ne7 12. Be3 Nf5 13. Nxf5 exf5 14. Nd2 Be7 15.
f4 Qxd3+ 16. Kxd3 Kd7 17. Nf3 a5 18. Bf2 Na6 19. Bh4 Rag8 20. Bxe7 Kxe7 21. Nh4
g6 22. hxg6 fxg6 23. Nf3 Nc7 24. Rh4 Ne6 25. Rah1 h5 26. Ng5 Nxg5 27. fxg5 Rf8
28. Rf4 Ke6 29. b3 b5 30. Rb1 Rb8 31. Rff1 Rh7 32. a4 bxa4 33. bxa4 Rhb7 34.
Rxb7 Rxb7 35. Kc2 h4 36. Kd3 Rb2 37. Rh1 Rxg2 38. Rxh4 Rxg5 39. Rh7 Rg3+ 40.
Kd2 Rg2+ 41. Kd3 f4 42. Rc7 g5 43. Rxc6+ Ke7 44. c4 dxc4+ 45. Rxc4 f3 46. d5
Re2 47. Rc7+ Kd8 1/2-1/2

[Event "SC Aurich-SG Grün-Weiß Baumschulenweg"]
[Site "?"]
[Date "2012.12.27"]
[Round "2.1"]
[White "Schnabel, Bennett"]
[Black "Rätzke von Stoyentin, Steffen"]
[Result "0-1"]
[WhiteElo "1590"]
[BlackElo "1727"]
[PlyCount "84"]
[EventDate "2012.??.??"]
[WhiteTeam "SG Grün-Weiß Baumschulenweg"]
[BlackTeam "SC Aurich"]

1. d4 d5 2. Nf3 e6 3. e3 c6 4. Bd3 f5 5. Ne5 Nf6 6. O-O Bd6 7. f4 O-O 8. Nd2
Nbd7 9. Rf3 Ne4 10. Rh3 Qe8 11. g4 Bxe5 12. dxe5 Qg6 13. g5 h6 14. Be2 hxg5 15.
Bh5 Qh6 16. Bf7+ Rxf7 17. Rxh6 gxh6 18. Nxe4 fxe4 19. fxg5 Rg7 20. Bd2 Nxe5 21.
Qe2 Nf3+ 22. Kh1 Rxg5 23. Rf1 e5 24. Rxf3 Bg4 25. h4 Bxf3+ 26. Qxf3 exf3 27.
hxg5 hxg5 28. Kg1 Rf8 29. Kf2 e4 30. Bc3 Kh7 31. Bd4 b6 32. a4 Kg6 33. a5 bxa5
34. Bxa7 Kf5 35. Bb6 Rb8 36. Bd4 Kg4 37. b3 Kh3 38. Be5 Re8 39. Bd6 g4 40. Bg3
Rg8 41. c3 Rg6 42. b4 a4 0-1

[Event "SC Aurich-SG Grün-Weiß Baumschulenweg"]
[Site "?"]
[Date "2012.12.27"]
[Round "2.2"]
[White "Neumann, Tiemon"]
[Black "Hesse, Henrik"]
[Result "1/2-1/2"]
[WhiteElo "1499"]
[BlackElo "1511"]
[PlyCount "81"]
[EventDate "2012.??.??"]
[WhiteTeam "SC Aurich"]
[BlackTeam "SG Grün-Weiß Baumschulenweg"]

1. e4 e5 2. Nf3 Nf6 3. Nc3 Nc6 4. d4 exd4 5. Nxd4 Nxd4 6. Qxd4 d6 7. Bg5 Be7 8.
Bc4 Be6 9. Be2 Qd7 10. Qe3 h6 11. Bf4 Nh7 12. Bg3 O-O 13. O-O b6 14. f4 d5 15.
Qd3 Bc5+ 16. Bf2 Bxf2+ 17. Rxf2 dxe4 18. Qxd7 Bxd7 19. Nxe4 Rfe8 20. Bf3 Rad8
21. Rd2 Be6 22. Rxd8 Rxd8 23. Nc3 Nf6 24. Nb5 Rd2 25. Bd1 Nd5 26. Bf3 Nxf4 27.
Rd1 Rxd1+ 28. Bxd1 Nd5 29. Bf3 a5 30. b3 c6 31. Nd4 Bd7 32. c4 Ne7 33. a3 Kf8
34. b4 axb4 35. axb4 Ke8 36. Kf2 Kd8 37. b5 c5 38. Nc2 Kc7 39. Ne3 Kd6 40. Bd5
Be6 41. Bxe6 1/2-1/2

[Event "SG Blau-Weiß Stadtilm-Märkischer Spr. Ha"]
[Site "?"]
[Date "2012.12.27"]
[Round "2.1"]
[White "Kölz, Niklas"]
[Black "Dittrich, Tom"]
[Result "0-1"]
[WhiteElo "1606"]
[BlackElo "1523"]
[PlyCount "74"]
[EventDate "2012.??.??"]
[WhiteTeam "Märkischer Spr. Halver-Schalksm."]
[BlackTeam "SG Blau-Weiß Stadtilm"]

1. e4 c5 2. Nf3 d6 3. d4 cxd4 4. Nxd4 Nf6 5. Nc3 a6 6. Be3 e5 7. Nb3 Be7 8. f3
Be6 9. Qd2 Nbd7 10. O-O-O O-O 11. g4 b5 12. Nd5 Bxd5 13. exd5 Nb6 14. Bxb6 Qxb6
15. Na5 Nxd5 16. Nc4 bxc4 17. Qxd5 Bg5+ 18. Kb1 c3 19. b3 Qb4 20. Qc4 a5 21.
Qxb4 axb4 22. Rxd6 Ra3 23. Bb5 Raa8 24. Rhd1 Bd2 25. h4 Rfd8 26. Rc6 Rd5 27.
Rb6 Rad8 28. Bd3 Rc8 29. Rb7 Rxd3 30. Rxb4 Rxf3 31. Rg1 Rf4 32. Rb5 Re8 33. a4
e4 34. Rg2 e3 35. a5 Rf2 36. Rg1 e2 37. a6 Rf1+ 0-1

[Event "SG Aufbau Elbe Magdeburg-Hamburger SK vo"]
[Site "?"]
[Date "2012.12.27"]
[Round "2.1"]
[White "Baberz, Alexander"]
[Black "Biastoch, Bennet"]
[Result "1-0"]
[WhiteElo "1805"]
[BlackElo "1549"]
[PlyCount "69"]
[EventDate "2012.??.??"]
[WhiteTeam "Hamburger SK von 1830"]
[BlackTeam "SG Aufbau Elbe Magdeburg"]

1. d4 Nf6 2. c4 g6 3. Nc3 Bg7 4. e4 d6 5. Be2 O-O 6. Nf3 e5 7. O-O Nc6 8. dxe5
dxe5 9. Bg5 Re8 10. Qxd8 Nxd8 11. Bxf6 Bxf6 12. Nd5 Bg7 13. Nxc7 Bd7 14. Nxa8
Ne6 15. Nb6 axb6 16. Bd3 Nf4 17. Rfd1 Ba4 18. b3 Bc6 19. Bc2 f5 20. Re1 h6 21.
Rad1 Nh5 22. exf5 e4 23. Nd4 Bxd4 24. Rxd4 gxf5 25. f3 Kg7 26. b4 Nf6 27. b5
Bd7 28. Rd6 e3 29. Rxb6 Bc8 30. f4 Ng4 31. h3 Nf6 32. g3 Nd7 33. Rd6 Nc5 34.
Rd5 b6 35. Re5 1-0

[Event "SR Spaichingen-Sfr. Schöneck"]
[Site "?"]
[Date "2012.12.27"]
[Round "2.1"]
[White "Poetsch, Leonore"]
[Black "Stirner, Christof"]
[Result "1/2-1/2"]
[WhiteElo "1148"]
[BlackElo "1451"]
[PlyCount "54"]
[EventDate "2012.??.??"]
[WhiteTeam "Sfr. Schöneck"]
[BlackTeam "SR Spaichingen"]

1. e4 d5 2. exd5 Nf6 3. Nf3 Nxd5 4. d4 Bg4 5. Be2 e6 6. h3 Bf5 7. O-O Be7 8.
Ne5 Nd7 9. Nxd7 Qxd7 10. c4 Nb4 11. Na3 Nc6 12. Nc2 Bxc2 13. Qxc2 Nxd4 14. Qe4
Nxe2+ 15. Qxe2 O-O 16. Qf3 c6 17. Bf4 Bf6 18. Rad1 Qc8 19. Rd2 Rd8 20. Rfd1
Rxd2 21. Rxd2 Qe8 22. Qe3 b6 23. Bg5 Bxg5 24. Qxg5 f6 25. Qe3 e5 26. Qd3 Qe7
27. a3 h6 1/2-1/2

[Event "TuS Coswig 1920-Karlsruher SF 1853"]
[Site "?"]
[Date "2012.12.27"]
[Round "2.2"]
[White "Kunath, Tim"]
[Black "Koll, Lukas"]
[Result "1/2-1/2"]
[WhiteElo "1387"]
[BlackElo "1340"]
[PlyCount "52"]
[EventDate "2012.??.??"]
[WhiteTeam "TuS Coswig 1920"]
[BlackTeam "Karlsruher SF 1853"]

1. e4 e5 2. Nf3 Nc6 3. d4 exd4 4. Nxd4 Bc5 5. Be3 Qf6 6. c3 Nge7 7. Bc4 O-O 8.
O-O Nxd4 9. cxd4 Bb6 10. Nc3 d6 11. f4 Nc6 12. e5 dxe5 13. fxe5 Qd8 14. Bd5
Nxe5 15. dxe5 Bxe3+ 16. Kh1 Bg5 17. Qf3 Be6 18. Bxb7 Rb8 19. b3 Qd4 20. Rfe1
Bd2 21. Ne2 Qb6 22. Red1 Bg5 23. Be4 Rfd8 24. Ng3 Qc5 25. Qe2 Bh6 26. Bf5 Re8
1/2-1/2

[Event "Turm Wadern-SF Gerresheim 86"]
[Site "?"]
[Date "2012.12.27"]
[Round "2.3"]
[White "Zhuk, Margarita"]
[Black "Schumacher, Simon"]
[Result "1-0"]
[WhiteElo "1240"]
[BlackElo "1142"]
[PlyCount "37"]
[EventDate "2012.??.??"]
[WhiteTeam "SF Gerresheim 86"]
[BlackTeam "Turm Wadern"]

1. e4 d5 2. exd5 Qxd5 3. Nc3 Qa5 4. Nf3 Nf6 5. d4 c6 6. Bc4 Bf5 7. O-O e6 8.
Bf4 Nbd7 9. Re1 Bb4 10. Bd2 Bd6 11. Nb5 Bb4 12. Nd6+ Ke7 13. Nxf5+ Qxf5 14.
Bxb4+ c5 15. dxc5 Nxc5 16. Re5 Qg6 17. Bxc5+ Ke8 18. Bb5+ Nd7 19. Qxd7# 1-0